000 00844nam a22003257b 4500
001 0226828
003 DO-SdBNP
005 20180221090836.0
007 0226828
008 071010r2006 sp | ||| ||spa
015 _a
016 7 _a
_2BPMSU
017 _a
_b
020 _a8434845544
035 _a
040 _aBPMSU
_bspa
_cBPMSU
_e
041 1 _aspa
_h
080 0 _a
100 1 _aEstrada, Rafael
_d1954-
245 1 3 _aEl rey Solito /
_cRafael Estrada ; ilustraciones de Jesús Gabán
_h
250 _a16ª ed.
260 _aMadrid :
_bSM,
_c2006
300 _a58 p. :
_bil. ;
_c16 cm
490 _aEl barco de vapor.
_v56
700 1 _aGabán, Jesús
_d1957-
_eil.
830 _aEl barco de vapor.
_v56
942 _2ddc
_cBK
945 _ainventariado, 2018 / dg
956 _a VMATEO
_210
_320160420
_6BPMSU
_80069
999 _c9864
_d9864